000 01241nam a2200241Ia 4500
003 Ost
005 20260507075559.0
008 260507s9999||||xx |||||||||||||| ||und||
020 _a995733056x
040 _cfsecg
041 _aara
082 _a600
100 _aالفضل، مؤيد
_eمؤلف
245 0 _aادارة المشاريع :
_bمنهج كمي /
_c مؤيد الفضل
260 _aعمان:
_bمؤسسة الوراق للنشر و التوزيع,
_c2005
300 _a376 صفحة؛
_bإيضاحات ؛
_c24 سم
504 _aمراجع ص.369 , ملاحق ص.374
520 _aمفاهيم اساسية في ادارة المشروع, تخطيط المشروع, تنظيم المشروع و تنفيذه اضافة الى شبكات العمل / المسار الجرجCPM , تقييم و مراجعة تنفيذ البرامج بيرت Pert و كذا اسلوب Time-Cost / Pert في الرقابة على تنفيذ المشاريع و في الاخير اساليب و تقنيات مختلفة في ادارة و تنفيذ المشاريع.
653 _aادارة المشروع
653 _aتنفيذ المشروع
700 _aالعبيدي، محمود
_eمؤلف ثانوي
942 _cكتاب
999 _c44995
_d44995